000 00712cam a2200217 a 4500
001 000004928
005 20200929151534.0
008 780629s1977 sp a 001 p spa
020 _a8423920259
040 _aDO-SdBNP
_bspa
_cBNPHU
082 _aM861.4
_bF315ó
100 1 _aFelipe, Léon
_d1884-1968.
_914242
245 1 0 _aObra poética escogida /
_cLéon Felipe ; prólogo y selección, Gerardo Diego.
260 _aMadrid :
_bEspasa-Calpe,
_c1977.
300 _a263 p. :
_bil. ;
_c18 cm.
490 1 _aSelecciones Austral
_v25
650 4 _aPoesía mexicana
_99120
650 4 _aLiteratura mexicana
_91922
700 1 _aDiego, Gerardo,
_d1896-1987.
_epról.
_914243
830 0 _aSelecciones Austral ;
_n25
_914244
999 _c4734
_d4734